000 00927nam a22002417a 4500
008 240605b mp ||||| |||| 00| 0 mon d
020 _a9789997319393
035 _a29910
040 _aHE0623081
_bmon
_cMN-UlNLM
_dMN-UlNLM
_erda
041 _amon
042 _a70737
084 _2NNA
_a92
_bГ.34
100 _aГейтер В.
245 0 _aОгторгуйн нууцууд
264 _aУБ.
_bМонсудар ХГ
_c2022
300 _a224х.
336 _2rdacontent
_atext
_btxt
337 _2rdamedia
_aunmediated
_bn
338 _2rdacarrier
_avolume
_bnc
650 _aХүн төрөлхтний мөнхийн мөрөөдөл болсон сансар огторгуйн аялалд гарахад бэлэн үү? Дэлхийгээс орчлон ертөнцийн хязгаарыг зорьсон, ...
942 _2NNA
_cBK
999 _c895521
_d895578